00354nam a2200145Ia 4500008004100000082001600041100002000057245001500077260003900092365000700131600002000138630001500158700002000173730001500193110201s9999 xx 000 0 und d bB2564aR 52 aCollected Works aLENIN - 17 bForeign Languages Publishing House b14 aCollected Works aLENIN - 17 aCollected Works aLENIN - 17